000 00546nam a2200181Ia 4500
008 131103s9999 xx 000 0 und d
040 _aLoreto College
041 _aEnglish
082 _a882/ARI
_bLCLIB/18111,28839
100 _aAristophanes
245 4 _aThe Wasps and others
_cAristophanes;translated with an introduction by David Barrett
260 _aHarmoundsworth
_bPenguin Books
_c1968
300 _a224 p.
_c 19 cm.
504 _aIncludes bibliographical references
700 _aBarrett,David,tr.
850 _aLCLIB
942 _cBK
999 _c5518
_d55997